Musicians By Initial: The Letter - W - Statistics

General Stats
  • This quiz has been taken 411 times
  • The average score is 6 of 20
Answer Stats
Inits Clue Answer % Correct
WH Female pop superstar. Saving All My Love For You Whitney Houston
95%
WS Actor/singer aka The Fresh Prince Will Smith
88%
WN US Country singer. Always On My Mind was a Billboard no.1 in 1982. Willie Nelson
76%
WG American folk legend (1912-1967) This Land Is Our Land Woody Guthrie
54%
WK US Rapper. See You Again was a worldwide no.1 in 2015 Wiz Khalifa
49%
WZ Werewolves Of London Warren Zevon
40%
WP American soul singer. Land of a Thousand Dances, In The Midnight Hour, Mustang Sally Wilson Pickett
40%
WY UK singer, won the first series of Pop Idol. Leave Right Now, Evergreen Will Young
39%
WJ Legendary guitarist for Dr Feelgood Wilko Johnson
24%
WM American jazz trumpeter, born 1961. Has won 9 Grammys and the Pullitzer Prize for Music. Albums include Hot House Flowers and Blood On The Fields Wynton Marsalis
24%
WO English musician and dance music producer. Charted with Barber's Adagio For Strings in 1999 William Orbit
12%
WA Trinidad born pianist. Her mixture of ragtime and boogie-woogie sold millions in the 1950's. Let's Have A Party Winifred Atwell
12%
WC Lead singer and guitarist for the Flaming Lips Wayne Coyne
10%
WW English classical composer (1902-1983) Composed Belshazzar's Feast and marches for the coronation of Elizabeth II William Walton
10%
WR Member of the Jesus & Mary Chain William Reid
7%
WD Vocalist for the band that did Spanish Stroll and Cadillac Walk Willy Deville
7%
WE His 1977 classic, Whole Wide World, gained a new lease of life after featuring on a 2022 advert for Expedia (please give full stage name) Wreckless Eric
6%
WB Duetted with Judy Clay on Private Number William Bell
4%
WF Member of Kraftwerk. Played keyboards and percussion Wolfgang Flur
4%
WT US blues-rock guitarist. Former sideman for John Lee Hooker and Big Mama Thornton, in the 80's he played lead guitar for Canned Heat. Has toured extensively fronting his own band Walter Trout
2%
No matching quizzes found
Score Distribution
Percent of People with Each Score
Percentile by Number Answered
Your Score History
You have not taken this quiz